| 000 | 00924nam a2200241Ia 4500 | ||
|---|---|---|---|
| 005 | 20241216011153.0 | ||
| 008 | 190212s9999||||xx |||||||||||||| ||und|| | ||
| 020 | _a92-75-71045-7 | ||
| 082 |
_a613 _bL29 |
||
| 100 | _aLAURELL ASA CRISTINA | ||
| 245 | 0 |
_aPARA LA INVESTIGACION SOBRE LA SALUD DE LOS TRABAJADORES _bSALUD Y SOCIEDAD 2000, PALTEX |
|
| 250 | _a0 | ||
| 260 |
_aESTADOS UNIDOS _bPANAMERICANA DE LA SALUD _c1993 |
||
| 300 |
_a296 pag _c23 cm |
||
| 341 | _h17 | ||
| 440 | _aPALTEX, SALUD Y SOCIEDAD 2000 N║ 3 | ||
| 490 |
_v0 _a0 |
||
| 505 | _aCONSTRUCCION TEORICO-METODOLOGICA DE LA INVESTIGACION SOBRE LA SALUD DE LOS TRABAJADORES/PROCEDIMIENTOS Y TECNICAS DE LA SALUD LABORAL/INVESTIGACION PARTICIPATIVA EN LA SALUD LABORAL: MODELO OBRERO/ALCANCES Y CRITICAS | ||
| 541 |
_aC _bLIBRERIA UNIVERSITARIA _d19-Oct-07 _oSoles |
||
| 650 | _aCIENCIAS APLICADAS | ||
| 856 | _zCiencias Aplicadas | ||
| 942 | _cLIBRO | ||
| 999 |
_c34585 _d34585 |
||